Κατάλογος Βιβλιοθηκών Mediterranean College

Οι Βάσεις της Ψυχολογίας / Ατομική Ψυχολογία - Μπεχαβιορισμός - Ψυχανάλυση και Μαρξισμός (Record no. 125)

MARC details
000 -LEADER
fixed length control field 01737cam a22001814a 4500
005 - ΗΜΕΡΟΜΗΝΙΑ ΚΑΙ ΩΡΑ ΤΕΛΕΥΤΑΙΑΣ ΕΝΗΜΕΡΩΣΗΣ
Πεδίο ελέγχου 20250605163924.0
008 - FIXED-LENGTH DATA ELEMENTS--GENERAL INFORMATION
Πεδίο ελέγχου σταθερού μήκους 250528s ||||||||||||||||||||||||d
035 ## - SYSTEM CONTROL NUMBER
System control number 14496
040 ## - ΠΗΓΗ ΚΑΤΑΛΟΓΟΓΡΑΦΗΣΗΣ
Φορέας πρωτότυπης καταλογογράφησης MC Athens Campus Library
Γλώσσα καταλογογράφησης Ελληνικά, Μοντέρνα (1453-)
Modifying agency MC Athens Campus Library
Κανόνες περιγραφικής καταλογογράφησης AACR2
245 1# - ΤΙΤΛΟΣ ΚΑΙ ΔΗΛΩΣΗ ΥΠΕΥΘΥΝΟΤΗΤΑΣ
Τίτλος Οι Βάσεις της Ψυχολογίας / Ατομική Ψυχολογία - Μπεχαβιορισμός - Ψυχανάλυση και Μαρξισμός
260 ## - PUBLICATION, DISTRIBUTION, ETC.
Name of publisher, distributor, etc. Γερ. Αναγνωστιδη
300 ## - PHYSICAL DESCRIPTION
Extent 288
520 ## - SUMMARY, ETC.
Summary, etc. Ιατρική ή Φιλοσοφία, Ο Μύθος της Αντιψυχανάλυσης, Οι Βάσεις της Ψυχολογίας Κύριο Άρθρο, Μυθολογική Ψυχολογία και Επιστημονική Ψυχολογία, Που Πάει η Συγκεκριμένη Ψυχολογία, Η Κρίση της Ψυχανάλυσης, Προκαταρκτική Σημείωση Πάνω στην Ιστορική Σύνοψη της Ψυχαναλυτικής Γαλλικής Κίνησης, Σχετικά με μια Δήθεν Κρίση της Ψυχανάλυσης, Απάντηση του Καθηγητή Hesnard, Σημείωση Πάνω στην Ατομική Ψυχολογία, Πάνω στο Παιδί στου Προλεταριάτου Μέσα στην Σημερινή Κοινωνική Τάξη, Πάνω στην Εισαγωγή στην Νέα Ψυχολογία, Η Γενική Ψυχολογία και η Ψυχοτεχνική, Ψυχανάλυση και Μάρξισμός Ένας Ψεύτικος Αντεπαναστάτης 'Ο Ψευδομαρξισμός', Το Τέλος της Ψυχανάλυσης.
700 1# - ΠΡΟΣΘΕΤΗ ΑΝΑΓΡΑΦΗ--ΦΥΣΙΚΟ ΠΡΟΣΩΠΟ
Personal name Politzer George
9 (RLIN) 193
942 ## - ADDED ENTRY ELEMENTS (KOHA)
Koha item type Books
Holdings
Τύπος τεκμηρίου Βιβλιοθήκη Τρέχουσα τοποθεσία Barcode Αριθμός εισαγωγής Ημερομηνία απόκτησης Ταξιθετικό σύμβολο Αριθμός αντιτύπου Κατάσταση απόσυρσης Κατάσταση χαμένου Κατάσταση κατεστραμμένου Μη δανεισμός Σύνολο δανεισμών Σύνολο ανανεώσεων Ημερομηνία τελευταίας εμφάνισης Χρονολογία τελευταίου δανεισμού Η τιμή ισχύει από
Books MC Athens Campus Library MC Athens Campus Library 9780000001245 126 05/06/2025 150.19 POL 1         1 2 04/11/2025 15/10/2025 05/06/2025

MC Athens Campus Library
Πατησίων 94 & Κοδριγκτώνος 13, 104 34
Πελλήνης 8 & Πατησίων 107, 112 51
Τ: +30 210 8899600

MC Thessaloniki Campus Library
Ίωνος Δραγούμη 21, 54625 | Ίωνος Δραγούμη 15, 54625
Τ: +30 2310 287779 – Τ: +30 2314 440300